书目信息 |
| 书名: | "Shakespeare" by another name : the life of Edward de Vere, Earl of Oxford, the man who was Shakespeare | |
| 作者: | Mark Anderson | |
| 分册号: | ||
| 分册名: | 出版地: | New York |
|
| 出版社: | Gotham Books | |
| 出版时间: | 2005. | |
| 页数: | 598p | |
| 开本: | 25cm | |
| 丛书名: | ||
| 中图分类号: | ||
| 科图分类号: | ||
| 其他分类号: | I561.073 | |
| 主题词: | ||
| 电子资源: | ||
| 000 | 00474nam0 2200145 450 | |
| 001 | 202012001718 | |
| 005 | 20121113175002.0 | |
| 008 | 12111301s | |
| 020 | @a9781592401031@c$32.50 | |
| 099 | @dI561.073@eM3451 | |
| 245 | 10 | @a"Shakespeare" by another name : the life of Edward de Vere, Earl of Oxford, the man who was Shakespeare @cMark Anderson |
| 260 | 0 | @aNew York @bGotham Books@c2005. |
| 300 | @a598p@c25cm | |
| 905 | @b11262 | |
| 905 | @aTSG@dI561.073@eM3451 | |
| "Shakespeare" by another name : the life of Edward de Vere, Earl of Oxford, the man who was Shakespeare / Mark Anderson.-New York : Gotham Books , 2005. |
| 598p ; 25cm |
| ISBN 9781592401031$32.50 |
| ● |
| 相关链接 |
|
|
|
正题名:Shakespeare" by another name : the life
索取号:I561.073/M3451
 
预约/预借
| 序号 | 登录号 | 条形码 | 馆藏地/架位号 | 状态 | 备注 |